Basically Bach (Record n. 99081)
[ formato base ]
| 000 -LEADER | |
|---|---|
| fixed length control field | 01081njm a2200301Ia 4500 |
| 001 - CONTROL NUMBER | |
| control field | 36751 |
| 003 - CONTROL NUMBER IDENTIFIER | |
| control field | IT-RoPAU |
| 005 - DATE AND TIME OF LATEST TRANSACTION | |
| control field | 20220918181112.0 |
| 008 - FIXED-LENGTH DATA ELEMENTS--GENERAL INFORMATION | |
| fixed length control field | 131025s9999 xx 000 0 und d |
| 040 ## - CATALOGING SOURCE | |
| Original cataloging agency | IT-RoPAU |
| 040 ## - CATALOGING SOURCE | |
| Transcribing agency | IT-RoPAU |
| 999 ## - SYSTEM CONTROL NUMBERS (KOHA) | |
| Koha Dewey Subclass [OBSOLETE] | SI |
| 100 ## - MAIN ENTRY--PERSONAL NAME | |
| Personal name | Bach Johann Sebastian |
| 9 (RLIN) | 19353 |
| 100 ## - MAIN ENTRY--PERSONAL NAME | |
| Relator term | Autore musica |
| 9 (RLIN) | 19354 |
| 100 ## - MAIN ENTRY--PERSONAL NAME | |
| Miscellaneous information | Codice autore musica SPICS: 9695 |
| 9 (RLIN) | 19355 |
| 245 ## - TITLE STATEMENT | |
| Title | Basically Bach |
| 250 ## - EDITION STATEMENT | |
| Edition statement | 1a ed. |
| 260 ## - PUBLICATION, DISTRIBUTION, ETC. (IMPRINT) | |
| Place of publication, distribution, etc. | LONDON |
| 260 ## - PUBLICATION, DISTRIBUTION, ETC. (IMPRINT) | |
| Name of publisher, distributor, etc. | DECCA RECORD COMPANY |
| 300 ## - PHYSICAL DESCRIPTION | |
| Extent | DISCO |
| 300 ## - PHYSICAL DESCRIPTION | |
| Dimensions | 42 minuti (Testo: pag.) |
| 500 ## - GENERAL NOTE | |
| General note | Musica classica. Arrangiamento |
| 505 ## - FORMATTED CONTENTS NOTE | |
| Formatted contents note | Fugue and Fantasy in g minor - Chromatic Fantasie in c minor - Sinfonia From Cantata n 29 - Prelude n 1 - Air On the g string - Choral n 1 in b flat Sleepers-Wake - Sicilienne en sol mineur - Toccata |
| 650 ## - SUBJECT ADDED ENTRY--TOPICAL TERM | |
| Topical term or geographic name as entry element | ARRANGIAMENTO [DISCHI] |
| Relator term | Codice MATERIA SPICS: 9950 |
| 9 (RLIN) | 19356 |
| 700 ## - ADDED ENTRY--PERSONAL NAME | |
| Personal name | Loussier Jacques |
| Relator term | Autore |
| Miscellaneous information | Codice autore SPICS: 16467 |
| 9 (RLIN) | 19357 |
| 700 ## - ADDED ENTRY--PERSONAL NAME | |
| Personal name | Loussier Jacques |
| Miscellaneous information | Codice interprete SPICS: 16467 |
| Relator term | Interprete |
| 9 (RLIN) | 19358 |
| 942 ## - ADDED ENTRY ELEMENTS (KOHA) | |
| Koha item type | DISCHI |
| Source of classification or shelving scheme | Dewey Decimal Classification |
| Withdrawn status | Lost status | Damaged status | Not for loan | Home library | Current library | Date acquired | Total Checkouts | Full call number | Date last seen | Price effective from | Koha item type | Public note |
|---|---|---|---|---|---|---|---|---|---|---|---|---|
| Buone Condizioni | Not For Loan | SPICS-MEDIATECA | SPICS-MEDIATECA | 25/10/2013 | 36751 | 25/10/2013 | 25/10/2013 | DISCHI | Progr. Ins.: 13039 / N.Vol.: 1 / Copie: 1 - Copia rara: SI / date import: 01.01.2014 - By Epidotti, Trombetti, Vaglietti |